[Event "Warsaw YMCA Summer-A 276th"]
[Site "Warsaw"]
[Date "2023.08.11"]
[Round "10"]
[White "Malicki, Jan"]
[Black "Kasperkiewicz, Pawel"]
[Result "1/2-1/2"]
[WhiteElo "1632"]
[BlackElo "1850"]
[PlyCount "92"]
[EventDate "2023.07.05"]
[EventType "tourn"]
[EventRounds "10"]
[EventCountry "POL"]
[SourceTitle "EXT 2024"]
[Source "ChessBase"]
[SourceDate "2023.10.10"]
[SourceVersion "1"]
[SourceVersionDate "2023.10.10"]
[SourceQuality "1"]

1. d4 Nf6 2. c4 c5 3. d5 b5 4. cxb5 a6 5. b6 d6 6. Nc3 Nbd7 7. e4 Qxb6 8. Nf3 g6 9. Be2 Bg7 10. 0-0 0-0 11. Nd2 a5 12. Nc4 Qc7 13. f4 Ba6 14. Be3 Rfb8 15. Qc2 Nb6 16. Nxb6 Qxb6 17. Rab1 Bxe2 18. Qxe2 Nd7 19. Qc2 Qc7 20. a4 Rb4 21. Nb5 Qb7 22. Bd2 Rxb5 23. axb5 Qxb5 24. b3 Rb8 25. Bc3 Bxc3 26. Qxc3 f6 27. Ra1 Qxb3 28. Qxa5 c4 29. Qc7 Qb6+ 30. Qxb6 Rxb6 31. Rfb1 Rxb1+ 32. Rxb1 Nc5 33. Rc1 Nd3 34. Rxc4 Nxf4 35. Rc8+ Kf7 36. Kf2 Nd3+ 37. Ke3 Nc5 38. g4 Nd7 39. h3 Ne5 40. Ra8 Kg7 41. Kd4 Nf3+ 42. Kc4 Ng5 43. Re8 Kf7 44. Rh8 Kg7 45. Re8 Kf7 46. Rh8 Kg7 1/2-1/2

[Event "Warsaw YMCA Summer-A 276th"]
[Site "Warsaw"]
[Date "2023.07.19"]
[Round "3"]
[White "Polak, Michal"]
[Black "Kasperkiewicz, Pawel"]
[Result "1/2-1/2"]
[WhiteElo "1895"]
[BlackElo "1850"]
[PlyCount "45"]
[EventDate "2023.07.05"]
[EventType "tourn"]
[EventRounds "10"]
[EventCountry "POL"]
[SourceTitle "EXT 2024"]
[Source "ChessBase"]
[SourceDate "2023.10.10"]
[SourceVersion "1"]
[SourceVersionDate "2023.10.10"]
[SourceQuality "1"]

1. e4 e6 2. d4 d5 3. Nc3 Nf6 4. Bg5 dxe4 5. Nxe4 Be7 6. Nxf6+ Bxf6 7. Bxf6 Qxf6 8. Nf3 b6 9. Bb5+ c6 10. Bd3 Nd7 11. a4 Bb7 12. a5 c5 13. dxc5 Nxc5 14. Bb5+ Ke7 15. 0-0 Rhd8 16. Qe2 Bxf3 17. Qxf3 Qxf3 18. gxf3 e5 19. Rfe1 Kf6 20. axb6 axb6 21. Bc4 Rxa1 22. Rxa1 Rd2 23. b4 1/2-1/2

[Event "Warsaw Najdorf Memorial op-B"]
[Site "Warsaw"]
[Date "2023.07.11"]
[Round "1"]
[White "Ostrowska, Joanna"]
[Black "Kasperkiewicz, Pawel"]
[Result "1-0"]
[WhiteElo "1688"]
[BlackElo "1850"]
[PlyCount "43"]
[EventDate "2023.07.11"]
[EventType "swiss"]
[EventRounds "9"]
[EventCountry "POL"]
[SourceTitle "EXT 2024"]
[Source "ChessBase"]
[SourceDate "2023.10.10"]
[SourceVersion "1"]
[SourceVersionDate "2023.10.10"]
[SourceQuality "1"]

1. d4 e6 2. c4 b6 3. Nc3 Bb7 4. e4 Bb4 5. e5 Ne7 6. Bd2 0-0 7. Qg4 d6 8. Bg5 dxe5 9. Bf6 g6 10. dxe5 Nbc6 11. Rd1 Qe8 12. Bd3 Nf5 13. Nf3 Rd8 14. 0-0 Bxc3 15. bxc3 Nce7 16. Ng5 h6 17. Qh3 Rxd3 18. Rxd3 Qc6 19. Rfd1 Re8 20. Rd8 h5 21. Qf3 Ba8 22. Bxe7 1-0

[Event "Warsaw YMCA Summer-A 276th"]
[Site "Warsaw"]
[Date "2023.07.07"]
[Round "2"]
[White "Kasperkiewicz, Pawel"]
[Black "Flis, Piotr"]
[Result "0-1"]
[WhiteElo "1850"]
[BlackElo "1698"]
[PlyCount "50"]
[EventDate "2023.07.05"]
[EventType "tourn"]
[EventRounds "10"]
[EventCountry "POL"]
[SourceTitle "EXT 2024"]
[Source "ChessBase"]
[SourceDate "2023.10.10"]
[SourceVersion "1"]
[SourceVersionDate "2023.10.10"]
[SourceQuality "1"]

1. c4 e5 2. Nc3 Nf6 3. g3 Bb4 4. Bg2 0-0 5. Nf3 e4 6. Ng5 Bxc3 7. bxc3 Re8 8. 0-0 h6 9. Nh3 d6 10. d3 exd3 11. exd3 Nc6 12. Nf4 Bd7 13. Rb1 Rb8 14. h3 b6 15. Kh2 Ne5 16. Re1 Bf5 17. Be3 g5 18. Nd5 Nxd5 19. Bxd5 Bxd3 20. f4 Bxb1 21. Qxb1 c6 22. Bxf7+ Nxf7 23. Qg6+ Kf8 24. fxg5 Rxe3 25. Rxe3 Qxg5 0-1

[Event "Warsaw YMCA Winter-A 271st"]
[Site "Warsaw"]
[Date "2023.02.09"]
[Round "6"]
[White "Kasperkiewicz, Pawel"]
[Black "Rylski, Tadeusz"]
[Result "0-1"]
[WhiteElo "1894"]
[BlackElo "1800"]
[PlyCount "64"]
[EventDate "2023.01.13"]
[EventType "tourn"]
[EventRounds "11"]
[EventCountry "POL"]
[SourceTitle "EXT 2024"]
[Source "ChessBase"]
[SourceDate "2023.10.10"]
[SourceVersion "1"]
[SourceVersionDate "2023.10.10"]
[SourceQuality "1"]

1. e4 e5 2. Bc4 Nc6 3. Nc3 Nf6 4. d3 Na5 5. Nge2 c6 6. a3 Nxc4 7. dxc4 Be7 8. 0-0 0-0 9. b3 d6 10. Bb2 Be6 11. Ng3 Re8 12. Qe2 Qc7 13. Rad1 Rad8 14. h3 Nd7 15. Kh1 Nf8 16. Rd3 Ng6 17. Nh5 Bg5 18. Qf3 Rf8 19. Ng3 Nf4 20. Rdd1 Qd7 21. Nce2 Qc8 22. c5 dxc5 23. Bxe5 Ng6 24. Qc3 Bxh3 25. Ng1 Nxe5 26. Nxh3 Bf6 27. Nh5 Nd7 28. Nxf6+ Nxf6 29. Qxc5 Nxe4 30. Qxa7 Rxd1 31. Rxd1 Qg4 32. Qe3 Qxd1+ 0-1

[Event "Warsaw YMCA Winter-A 271st"]
[Site "Warsaw"]
[Date "2023.01.24"]
[Round "3"]
[White "Szymkiewicz, Witold"]
[Black "Kasperkiewicz, Pawel"]
[Result "1-0"]
[WhiteElo "1697"]
[BlackElo "1894"]
[PlyCount "75"]
[EventDate "2023.01.13"]
[EventType "tourn"]
[EventRounds "11"]
[EventCountry "POL"]
[SourceTitle "EXT 2024"]
[Source "ChessBase"]
[SourceDate "2023.10.10"]
[SourceVersion "1"]
[SourceVersionDate "2023.10.10"]
[SourceQuality "1"]

1. d4 e6 2. e4 d5 3. e5 c5 4. c3 Nc6 5. Nf3 Bd7 6. Bd3 cxd4 7. cxd4 Qb6 8. Bc2 Nb4 9. 0-0 Nxc2 10. Qxc2 Ne7 11. Nc3 Nc6 12. Rd1 Rc8 13. Qd3 Be7 14. Bg5 Bxg5 15. Nxg5 h6 16. Nh3 0-0 17. Nf4 f6 18. exf6 Rxf6 19. Nfxd5 exd5 20. Nxd5 Qd8 21. Nxf6+ Qxf6 22. Qb3+ Kh8 23. Qxb7 Bg4 24. Rdc1 Ne7 25. Rxc8+ Nxc8 26. h3 Bf5 27. Rd1 Qg6 28. Qf3 Nd6 29. Qg3 Qf6 30. Qe5 Qg6 31. Qg3 Qf6 32. Qe3 Be4 33. f3 Bd5 34. Qe5 Bxa2 35. Qxf6 gxf6 36. Ra1 Be6 37. Ra6 Bc4 38. Rxd6 1-0

[Event "Warsaw YMCA Golden Autumn 267th"]
[Site "Warsaw"]
[Date "2022.09.30"]
[Round "5"]
[White "Kasperkiewicz, Pawel"]
[Black "Klim, Filip"]
[Result "1/2-1/2"]
[WhiteElo "1884"]
[BlackElo "2011"]
[PlyCount "121"]
[EventDate "2022.09.30"]
[EventType "tourn"]
[EventRounds "13"]
[EventCountry "POL"]
[SourceTitle "EXT 2024"]
[Source "ChessBase"]
[SourceDate "2023.10.10"]
[SourceVersion "1"]
[SourceVersionDate "2023.10.10"]
[SourceQuality "1"]

1. e4 c5 2. c3 d5 3. exd5 Qxd5 4. d4 g6 5. Nf3 Bg7 6. Na3 cxd4 7. Nb5 Na6 8. Be2 Bg4 9. Nbxd4 Rd8 10. h3 Bd7 11. 0-0 Nf6 12. Nb3 Nc7 13. Bf4 Ne6 14. Be5 0-0 15. Re1 Bc6 16. Bf1 Qxd1 17. Raxd1 Bxf3 18. gxf3 Nh5 19. Bg3 Bf6 20. Na5 Nc5 21. Bc7 Rxd1 22. Rxd1 b6 23. Nc6 Na4 24. Nxa7 Nxb2 25. Rc1 Na4 26. Nb5 Rc8 27. c4 g5 28. Rb1 Nf4 29. Rb4 Ra8 30. Bxf4 gxf4 31. Nc7 Bc3 32. Rb3 Rc8 33. Nd5 Bf6 34. Rb4 Ra8 35. Nxf6+ exf6 36. Bd3 Nc5 37. Bb1 Rd8 38. Rxb6 Rd1+ 39. Kg2 Rc1 40. Rb4 Na6 41. Rb5 Rxc4 42. Rb2 Nc5 43. Bf5 h6 44. Rc2 Rxc2 45. Bxc2 Kf8 46. Kf1 Ke7 47. Ke2 Ne6 48. a4 Nd4+ 49. Kd3 Nxf3 50. Ke4 Ng5+ 51. Kxf4 Nxh3+ 52. Kg3 Ng5 53. a5 Kd6 54. a6 Kc7 55. Bd3 Kb6 56. Kg4 Ne6 57. Kf5 Nc5 58. Bf1 Nxa6 59. Kxf6 Nc5 60. Kxf7 Ne4 61. Kg6 1/2-1/2

[Event "Warsaw YMCA Golden Autumn 267th"]
[Site "Warsaw"]
[Date "2022.09.30"]
[Round "7"]
[White "Kasperkiewicz, Pawel"]
[Black "Niezhentsev, Kyrylo"]
[Result "1/2-1/2"]
[WhiteElo "1884"]
[BlackElo "2009"]
[PlyCount "77"]
[EventDate "2022.09.30"]
[EventType "tourn"]
[EventRounds "13"]
[EventCountry "POL"]
[SourceTitle "EXT 2024"]
[Source "ChessBase"]
[SourceDate "2023.10.10"]
[SourceVersion "1"]
[SourceVersionDate "2023.10.10"]
[SourceQuality "1"]

1. e4 c5 2. c3 Nf6 3. e5 Nd5 4. d4 cxd4 5. Nf3 Nc6 6. cxd4 d6 7. exd6 Qxd6 8. Nc3 Bg4 9. Bb5 e6 10. 0-0 Be7 11. Qe2 0-0 12. Rd1 Rac8 13. Ne4 Qc7 14. Ng3 Qb6 15. Be3 Bxf3 16. gxf3 f5 17. Nh5 f4 18. Bxf4 Nxf4 19. Nxf4 Nxd4 20. Rxd4 Qxd4 21. Nxe6 Qf6 22. Nxf8 Rxf8 23. Re1 Qg5+ 24. Kh1 Bc5 25. Qe5 Qxe5 26. Rxe5 Bxf2 27. Re8 Rxe8 28. Bxe8 Kf8 29. Bd7 Ke7 30. Bc8 b6 31. a4 Kd6 32. b3 Ke5 33. Kg2 Be3 34. Ba6 Bf4 35. Bd3 h6 36. Bc4 g5 37. h3 h5 38. Bf7 h4 39. Bg8 1/2-1/2

[Event "Warsaw YMCA Golden Autumn 267th"]
[Site "Warsaw"]
[Date "2022.09.30"]
[Round "10"]
[White "Polak, Michal"]
[Black "Kasperkiewicz, Pawel"]
[Result "1/2-1/2"]
[WhiteElo "1954"]
[BlackElo "1884"]
[PlyCount "125"]
[EventDate "2022.09.30"]
[EventType "tourn"]
[EventRounds "13"]
[EventCountry "POL"]
[SourceTitle "EXT 2024"]
[Source "ChessBase"]
[SourceDate "2023.10.10"]
[SourceVersion "1"]
[SourceVersionDate "2023.10.10"]
[SourceQuality "1"]

1. d4 e6 2. c4 b6 3. e4 Bb7 4. Bd3 Bb4+ 5. Bd2 Bxd2+ 6. Qxd2 f5 7. Nc3 Nf6 8. f3 Nc6 9. Nge2 fxe4 10. fxe4 0-0 11. e5 Ng4 12. Ne4 Qh4+ 13. g3 Qh6 14. Qxh6 Nxh6 15. 0-0-0 Nf5 16. Bb1 Ne3 17. Rd3 Nxc4 18. Rc3 N4a5 19. Rd1 Rac8 20. Nf4 Ne7 21. h4 Nd5 22. Nxd5 Bxd5 23. Ng5 h6 24. Nh3 Nc6 25. Nf4 Ne7 26. b4 Bc6 27. Bd3 a5 28. a3 Nd5 29. Nxd5 Bxd5 30. bxa5 bxa5 31. Ba6 Ra8 32. Be2 Rf2 33. Rd2 c6 34. Rb2 Kf8 35. Kd1 Ke7 36. Ke1 Rff8 37. Rc1 Be4 38. Rc3 Rfb8 39. Rcb3 Rxb3 40. Rxb3 Kd8 41. Kd2 Bd5 42. Rb1 Ke7 43. Ke3 g5 44. Bf3 Rf8 45. Bxd5 cxd5 46. hxg5 hxg5 47. Rb5 g4 48. Rxa5 Rf3+ 49. Ke2 Rxg3 50. Ra8 Kf7 51. a4 Kg6 52. Rd8 Kf5 53. Rxd7 Ra3 54. Rf7+ Ke4 55. Rf6 Rxa4 56. Rxe6 Kxd4 57. Re8 Ra2+ 58. Kf1 Ke3 59. e6 Ra4 60. e7 Rf4+ 61. Kg2 Re4 62. Rd8 Rxe7 63. Rxd5 1/2-1/2

[Event "Warsaw YMCA Golden Autumn 267th"]
[Site "Warsaw"]
[Date "2022.09.30"]
[Round "4"]
[White "Warszawski, Bartosz"]
[Black "Kasperkiewicz, Pawel"]
[Result "1-0"]
[WhiteElo "2163"]
[BlackElo "1884"]
[PlyCount "49"]
[EventDate "2022.09.30"]
[EventType "tourn"]
[EventRounds "13"]
[EventCountry "POL"]
[SourceTitle "EXT 2024"]
[Source "ChessBase"]
[SourceDate "2023.10.10"]
[SourceVersion "1"]
[SourceVersionDate "2023.10.10"]
[SourceQuality "1"]

1. e4 e6 2. d3 c5 3. Nf3 Nc6 4. g3 Nge7 5. Bg2 g6 6. 0-0 Bg7 7. c3 e5 8. Be3 d6 9. a3 a5 10. a4 0-0 11. Na3 f5 12. Qb3+ Kh8 13. Ng5 f4 14. Bd2 Ng8 15. Nf7+ Rxf7 16. Qxf7 Nh6 17. Qb3 Qf6 18. Nc4 f3 19. Bh1 Rb8 20. Qd1 Bg4 21. Ne3 Rf8 22. Nxg4 Nxg4 23. h3 Nh6 24. Re1 Nf7 25. Qxf3 1-0

[Event "Warsaw YMCA Autumn-A 220th"]
[Site "Warsaw"]
[Date "2019.11.15"]
[Round "9"]
[White "Omar, Mohamed"]
[Black "Kasperkiewicz, Pawel"]
[Result "0-1"]
[WhiteElo "1864"]
[BlackElo "1869"]
[PlyCount "78"]
[EventDate "2019.09.20"]
[EventType "tourn"]
[EventRounds "13"]
[EventCountry "POL"]
[SourceTitle "CBM 195 Extra"]
[Source "ChessBase"]
[SourceDate "2020.05.31"]
[SourceVersion "1"]
[SourceVersionDate "2020.05.31"]
[SourceQuality "1"]

1. e4 e6 2. d3 d5 3. Nd2 Nf6 4. Ngf3 c5 5. g3 Nc6 6. Bg2 Be7 7. 0-0 0-0 8. Re1 Qc7 9. c3 b5 10. Qc2 Bb7 11. Nf1 Rfc8 12. e5 Nd7 13. Bf4 d4 14. h4 Nb6 15. a3 Nd5 16. Bd2 h6 17. g4 Qd8 18. g5 hxg5 19. Nxg5 dxc3 20. bxc3 b4 21. d4 Bxg5 22. Bxg5 Qd7 23. dxc5 bxc3 24. Ne3 Nd4 25. Qd3 Nxe3 26. Rxe3 Bxg2 27. Kxg2 Qb7+ 28. Qe4 Qxe4+ 29. Rxe4 Nb3 30. Rb1 Nxc5 31. Rg4 c2 32. Rg1 Nd3 33. Bc1 Nxc1 34. Rxc1 Rab8 35. Rb4 Rxb4 36. axb4 Kh7 37. f4 Kg6 38. Kf3 Kf5 39. Rg1 Rc3+ 0-1

[Event "Warsaw YMCA Autumn-A 220th"]
[Site "Warsaw"]
[Date "2019.11.01"]
[Round "7"]
[White "Kasperkiewicz, Pawel"]
[Black "Poniewierski, Piotr"]
[Result "1/2-1/2"]
[WhiteElo "1869"]
[BlackElo "1875"]
[PlyCount "120"]
[EventDate "2019.09.20"]
[EventType "tourn"]
[EventRounds "13"]
[EventCountry "POL"]
[SourceTitle "CBM 195 Extra"]
[Source "ChessBase"]
[SourceDate "2020.05.31"]
[SourceVersion "1"]
[SourceVersionDate "2020.05.31"]
[SourceQuality "1"]

1. e4 c5 2. Nf3 e6 3. d4 cxd4 4. Nxd4 a6 5. Bd3 Nf6 6. c4 Qc7 7. Nc3 g6 8. Qe2 d6 9. 0-0 Bg7 10. Nf3 0-0 11. h3 Nbd7 12. Bf4 Ne5 13. Nxe5 dxe5 14. Be3 Nh5 15. g3 Bd7 16. Rac1 Bc6 17. b4 b6 18. Nd5 exd5 19. cxd5 Qd7 20. dxc6 Qxh3 21. Rfe1 b5 22. Qf3 Qe6 23. Bf1 Rfc8 24. a4 bxa4 25. Bc4 Qf6 26. Qg4 Rxc6 27. Bxf7+ Kh8 28. Rxc6 Qxc6 29. Bd5 Qc8 30. Qe2 Rb8 31. Rc1 Qh3 32. Ba7 Rf8 33. Bc5 Rf6 34. Rd1 Bf8 35. Bc4 Bxc5 36. bxc5 Qc8 37. Qe3 Rc6 38. Rd5 Qc7 39. Qh6 Ng7 40. Qg5 Re6 41. Qd8+ Qxd8 42. Rxd8+ Re8 43. Rd6 Ra8 44. Bd5 Rc8 45. Rxa6 Ne8 46. Rxa4 Kg7 47. Ra7+ Kf6 48. f4 exf4 49. gxf4 g5 50. fxg5+ Kxg5 51. c6 h5 52. Kf2 h4 53. Rf7 Nf6 54. Kf3 Kg6 55. Re7 h3 56. Bf7+ Kg5 57. Be6 h2 58. Kg2 Rxc6 59. Kxh2 Nxe4 60. Bh3 Rc2+ 1/2-1/2

[Event "Warsaw YMCA Autumn-A 220th"]
[Site "Warsaw"]
[Date "2019.10.25"]
[Round "6"]
[White "Kosny, Marek"]
[Black "Kasperkiewicz, Pawel"]
[Result "1-0"]
[WhiteElo "1861"]
[BlackElo "1869"]
[PlyCount "95"]
[EventDate "2019.09.20"]
[EventType "tourn"]
[EventRounds "13"]
[EventCountry "POL"]
[SourceTitle "CBM 195 Extra"]
[Source "ChessBase"]
[SourceDate "2020.05.31"]
[SourceVersion "1"]
[SourceVersionDate "2020.05.31"]
[SourceQuality "1"]

1. Nf3 Nf6 2. c4 c5 3. Nc3 g6 4. g3 b6 5. Bg2 Bb7 6. d4 cxd4 7. Qxd4 Nc6 8. Qh4 h6 9. 0-0 Bg7 10. Nd5 e6 11. Nxf6+ Qxf6 12. Rb1 Qxh4 13. Nxh4 0-0-0 14. Rd1 Nd4 15. Bxb7+ Kxb7 16. Kf1 d5 17. cxd5 Rxd5 18. e3 Nc6 19. Rxd5 exd5 20. Ng2 g5 21. b3 Rc8 22. h4 Nd8 23. hxg5 hxg5 24. e4 dxe4 25. Bxg5 Ne6 26. Be3 Rc2 27. a4 Nc5 28. Nh4 Nd3 29. Nf5 Be5 30. Nd4 Ra2 31. g4 Bxd4 32. Bxd4 Kc6 33. Ra1 Rc2 34. a5 Rc1+ 35. Rxc1+ Nxc1 36. axb6 axb6 37. b4 b5 38. Bc3 Kd5 39. Bd2 Nd3 40. Ke2 Ne5 41. g5 Nf3 42. Bc1 Nd4+ 43. Ke3 Nf5+ 44. Kf4 Nd4 45. Be3 Nc6 46. Bc5 Nd8 47. Kf5 Ne6 48. Be7 1-0

[Event "Warsaw YMCA Summer-A 217th"]
[Site "Warsaw"]
[Date "2019.07.24"]
[Round "5"]
[White "Kurowski, Andrzej"]
[Black "Kasperkiewicz, Pawel"]
[Result "1/2-1/2"]
[WhiteElo "1705"]
[BlackElo "1905"]
[PlyCount "43"]
[EventDate "2019.07.03"]
[EventType "swiss"]
[EventRounds "10"]
[EventCountry "POL"]
[SourceTitle "EXT 2020"]
[Source "ChessBase"]
[SourceDate "2019.10.17"]
[SourceVersion "1"]
[SourceVersionDate "2019.10.17"]
[SourceQuality "1"]

1. Nf3 d5 2. d4 e6 3. c4 c5 4. cxd5 exd5 5. Nc3 Nc6 6. g3 Nf6 7. Bg2 Be7 8. 0-0 0-0 9. Bf4 Be6 10. Rc1 cxd4 11. Nxd4 Nxd4 12. Qxd4 Qb6 13. Qxb6 axb6 14. Rfd1 Rfc8 15. a3 h6 16. e4 dxe4 17. Nxe4 Nd5 18. Bd6 Kf8 19. Be5 f6 20. Nc3 Nxc3 21. Bxc3 Rab8 22. Bd4 1/2-1/2

[Event "Warsaw YMCA Spring-A 213th"]
[Site "Warsaw"]
[Date "2019.04.25"]
[Round "6"]
[White "Kasperkiewicz, Pawel"]
[Black "Moskwinski, Marek"]
[Result "0-1"]
[WhiteElo "1934"]
[BlackElo "1907"]
[PlyCount "94"]
[EventDate "2019.04.11"]
[EventType "swiss"]
[EventRounds "11"]
[EventCountry "POL"]
[SourceTitle "EXT 2020"]
[Source "ChessBase"]
[SourceDate "2019.10.17"]
[SourceVersion "1"]
[SourceVersionDate "2019.10.17"]
[SourceQuality "1"]

1. d4 Nf6 2. c4 e6 3. Nc3 Bb4 4. Nf3 b6 5. g3 Bb7 6. Bg2 d5 7. Qa4+ Nc6 8. Ne5 0-0 9. Nxc6 Bxc3+ 10. bxc3 Qd7 11. cxd5 exd5 12. 0-0 Bxc6 13. Qb3 Rfe8 14. Re1 Bb5 15. Qc2 Ba4 16. Qb2 Rac8 17. Bf4 c5 18. Rac1 Ne4 19. Qa3 Bb5 20. dxc5 Rxc5 21. Be3 Rc4 22. Bd4 Ra4 23. Qb2 f6 24. f3 Nd6 25. e3 Bc4 26. Ra1 Nb5 27. Qd2 Ra5 28. h4 Nd6 29. Kh2 Qa4 30. e4 dxe4 31. fxe4 Nb5 32. e5 Nxd4 33. cxd4 fxe5 34. dxe5 Raxe5 35. Rxe5 Rxe5 36. Qd8+ Qe8 37. Qxe8+ Rxe8 38. Bf3 Re3 39. Kg2 Ra3 40. Rc1 Rxa2+ 41. Kh3 Be6+ 42. g4 h5 43. Rc3 Ra4 44. Bd1 Bxg4+ 45. Bxg4 hxg4+ 46. Kg3 Rb4 47. Rc8+ Kh7 0-1

[Event "Warsaw YMCA Winter-A 209th"]
[Site "Warsaw"]
[Date "2019.01.11"]
[Round "1"]
[White "Kasperkiewicz, Pawel"]
[Black "Derylo, Kamil"]
[Result "1/2-1/2"]
[WhiteElo "1927"]
[BlackElo "1848"]
[PlyCount "112"]
[EventDate "2019.01.11"]
[EventType "swiss"]
[EventRounds "13"]
[EventCountry "POL"]
[SourceTitle "CBM 189 Extra"]
[Source "ChessBase"]
[SourceDate "2019.06.03"]
[SourceVersion "1"]
[SourceVersionDate "2019.06.03"]
[SourceQuality "1"]

1. d4 Nf6 2. c4 e6 3. Nc3 Bb4 4. Nf3 0-0 5. g3 d5 6. Bg2 Nbd7 7. 0-0 b6 8. Qb3 Bxc3 9. Qxc3 Bb7 10. b3 Rc8 11. Bb2 Ne4 12. Qe3 Ndf6 13. Ne5 c5 14. Rfd1 Qe7 15. Qf4 Rfd8 16. dxc5 bxc5 17. cxd5 exd5 18. e3 Qe6 19. Qh4 Qb6 20. Ng4 Nxg4 21. Qxg4 Qg6 22. Qxg6 hxg6 23. Rac1 Ng5 24. Rc2 Rc7 25. h4 Ne6 26. Bc3 Rcd7 27. Ba5 Rc8 28. Rcd2 d4 29. Rc2 Ba6 30. Bh3 d3 31. Rc3 c4 32. bxc4 Rxc4 33. Rxc4 Bxc4 34. Bf1 Nc5 35. Rc1 Nb7 36. Bd2 Bxa2 37. Ra1 Bd5 38. Rxa7 Be4 39. Bg2 Bxg2 40. Kxg2 Rc7 41. Kf3 f5 42. Bb4 Kf7 43. g4 fxg4+ 44. Kg3 Ke6 45. Ra6+ Kf5 46. f3 gxf3 47. Kxf3 Rd7 48. Rb6 d2 49. e4+ Ke5 50. Bc3+ Rd4 51. Bxd4+ Kxd4 52. Ke2 Nc5 53. Kxd2 Nxe4+ 54. Ke2 g5 55. hxg5 Nxg5 56. Rg6 Nf7 1/2-1/2

[Event "Warsaw YMCA Autumn-A 205th"]
[Site "Warsaw"]
[Date "2018.12.14"]
[Round "12"]
[White "Markiewicz, Michal"]
[Black "Kasperkiewicz, Pawel"]
[Result "0-1"]
[WhiteElo "1902"]
[BlackElo "1933"]
[PlyCount "83"]
[EventDate "2018.09.21"]
[EventType "swiss"]
[EventRounds "12"]
[EventCountry "POL"]
[SourceTitle "CBM 189 Extra"]
[Source "ChessBase"]
[SourceDate "2019.06.03"]
[SourceVersion "1"]
[SourceVersionDate "2019.06.03"]
[SourceQuality "1"]

1. e4 e6 2. d3 d5 3. Qe2 dxe4 4. dxe4 e5 5. Nf3 Nc6 6. Nbd2 Nf6 7. c3 Bd6 8. Nc4 h6 9. Qc2 Be6 10. h3 a6 11. Nxd6+ cxd6 12. Be3 Rc8 13. c4 0-0 14. Be2 b5 15. Nd2 bxc4 16. 0-0 d5 17. exd5 Nxd5 18. Nxc4 Nf4 19. b3 Nd4 20. Bxd4 exd4 21. Qd1 Qg5 22. g3 Bxh3 23. Bf3 Bxf1 24. Kxf1 Ne6 25. Nd6 Rc7 26. Ne4 Qb5+ 27. Kg2 Rd8 28. Qd2 d3 29. Rh1 Ng5 30. Qf4 Re7 31. Nf6+ gxf6 32. Qxf6 Qe5 33. Qxh6 Qg7 34. Qb6 Red7 35. Qxa6 d2 36. Bd1 Qg6 37. Qa5 Qc6+ 38. Kg1 Rd5 39. Qb4 Rd4 40. Qe7 Qg6 41. Qe3 Re4 42. Qb6 0-1